| 000 | 00660nam a22002057a 4500 | ||
|---|---|---|---|
| 005 | 20251108165505.0 | ||
| 008 | 250721s1975 xx 000 0 ara d | ||
| 082 | 1 | 4 | _aم/217.8/مرت |
| 100 | 1 | _aالمرتضى، المهدي أحمد بن يحيى | |
| 245 | 1 | 0 | _aعيون الأزهار في فقه الأئمة الأطهار / |
| 264 | 1 |
_aبيروت : _bدار الكتاب اللبناني، _c1975. |
|
| 300 | _a535ص | ||
| 650 | 1 | 7 | _aالزيدية |
| 650 | 1 | 7 | _aالفقه الإسلامي |
| 650 | 1 | 7 | _aالإسلام |
| 650 | 1 | 7 | _aفقه الشيعة |
| 700 | 1 |
_aموسى، الصادق _eتعليق |
|
| 942 |
_2ddc _cREF |
||
| 999 |
_c29155 _d29155 |
||